Catàleg del Col·legi de Periodistes de Catalunya

Hacia una Comunicación Accesible en el Metaverso (Registre núm. 8050)

000 -CABECERA
Longitud fija campo de control 00614nam a22002173i 4500
003 - IDENTIFICADOR DEL NÚMERO DE CONTROL
Identificador del número de control OSt
005 - FECHA Y HORA DE LA ÚLTIMA TRANSACCIÓN
Fecha y hora de la última transacción 20260123140806.0
008 - CÓDIGOS DE INFORMACIÓN DE LONGITUD FIJA
Códigos de información de longitud fija 241010s2024 xx o ||||0 spa d
020 ## - NÚMERO INTERNACIONAL NORMALIZADO PARA LIBROS
Número Internacional Normalizado para Libros (ISBN) 9788411660945
040 ## - FUENTE DE LA CATALOGACIÓN
Centro transcriptor cdmr
100 1# - PUNTO DE ACCESO PRINCIPAL-NOMBRE DE PERSONA
Nombre de persona Sidorenko Bautista, Pavel.
245 10 - MENCIÓN DE TÍTULO
Título Hacia una Comunicación Accesible en el Metaverso
264 #1 - PRODUCCIÓN, PUBLICACIÓN , DISTRIBUCIÓN, FABRICACIÓN Y COPYRIGHT
Lugar de producción, publicación, distribución, fabricación Barcelona :
Nombre del productor, editor, distribuidor, fabricante Editorial UOC,
Fecha de de producción, publicación, distribución, fabricación o copyright 2024.
300 ## - DESCRIPCIÓN FÍSICA
Extensión 1 online resource (114 pages)
490 1# - MENCIÓN DE SERIE
Mención de serie EPI Scholar Series ;
Designación de volumen o secuencia v.15
650 #0 - PUNTO DE ACCESO ADICIONAL DE MATERIA - TÉRMINO DE MATERIA
Término de materia o nombre geográfico como elemento inicial Metavers
9 (RLIN) 4829
650 #0 - PUNTO DE ACCESO ADICIONAL DE MATERIA - TÉRMINO DE MATERIA
Término de materia o nombre geográfico como elemento inicial Mitjans de comunicació digitals
9 (RLIN) 3079
776 08 - ENLACE A UN FORMATO FÍSICO ADICIONAL
Número Internacional Normalizado para Libros (ISBN) 9788411660938
776 08 - ENLACE A UN FORMATO FÍSICO ADICIONAL
Número Internacional Normalizado para Libros (ISBN) 8411660931
942 ## - ENTRADA DE ELEMENTOS AGREGADOS (KOHA)
Koha [por defecto] tipo de item Monografies
Fons
Suprimido Perdido Estropeado No para préstamo Localización permanente Localización actual Fecha adquisición Fuente de adquisición Signatura completa Código de barras Fecha última consulta Fecha del precio de reemplazo Tipo de item de Koha
        Centre de Documentació Montserrat Roig Centre de Documentació Montserrat Roig 2026-01-23 Donació Cs/37 CDMR26010005 2026-01-23 2026-01-23 Monografies

Implantat amb Koha